000 01195nam a2200277Ia 4500
005 20240530110959.0
008 140319s2022 ua a g b 000 0 ara d
017 _a2022/3298
_bمصر. دار الكتب
020 _a9789778607451
040 _aGCL /
_cGCL
082 0 4 _221
_a371.33
_bخ ح
100 0 _aخالد امين عارف
245 1 2 _aالحوسبة الذكية والبرمجيات مفتوحة المصدر فى التعليم :
_bرؤى تطبيقية /
_cاعداد خالد امين عارف
250 _aالاولى
260 _aالقاهرة :
_bالمركز الاكاديمى العربى،
_c2022
300 _a145 ص :
_bايض ؛
_c24 سم
504 _aيشتمل على ارجاعات ببليوجرافية
650 0 7 _2qrmak
_aالتعليم الالكترونى
650 0 7 _2qrmak
_aالتعليم
_xتطبيقات الحاسب الالى
650 0 7 _2qrmak
_aالتعليم
_xاغراضة واهدافة
650 0 7 _2qrmak
_aتكنولوجيا التعليم
650 0 7 _2qrmak
_aالتعليم
_xوسائل سمعية و بصرية
650 0 7 _2qrmak
_aالانترنيت
942 _2ddc
_cBK
999 _c67144
_d67144